MDQL
is popping MORE tags! Check the
thread
!
Quizzes
Events
Quiz Creation
Community
Videos
Private Events
Remove Ads
Sign In
Join for FREE
Feedback
Dark Mode
Quiz Categories
Sports
Geography
Music
Movies
Television
Just For Fun
Miscellaneous
History
Literature
Language
Science
Gaming
Entertainment
Religion
Holiday
For Kids
Quiz Lab
Recent
Popular Today
Quiz Kudos Today
Editor Picks
Curator Picks
Quizzes by...
Day
Popularity
Type
Ratings
Length
Year
Community
Subscriptions
Recent Discussions
Orange Saloon
Badges
Playlists
Quests
Create
Leaderboards
Showdown
Live 5
Trivia Bingo
Activity
Puzzle Library
Sporcle Events
Private Events
Virtual Trivia
Globe League
Become a Host
Pub Owners
SporcleCon
Opinionation
Our Games
Videos
Blog
Mobile Apps
Partnerships
Remove Ads and Go Orange
Feedback
Miscellaneous
Crossword
General Knowledge
Baby Names
Logo
Food
Cars
Numbers
Grab Bag
University
College
Popular
Company
Slogans
Restaurants
Justice
Letter
Miscellaneous
Crossword
General Knowledge
Baby Names
Logo
Food
Cars
Numbers
Grab Bag
University
College
Popular
Company
Slogans
Restaurants
Justice
Letter
Random Quiz
Search Sporcle
×
Quiz Lab
Quiz Lab
Miscellaneous
Country
Type in answers that appear in a list
Type in answers that appear in a list
Classic
Best Score? Go Orange.
Eurovision 2009 12 Points Stats
Can you name the Eurovision 2009 12 Points?
By
GlenPaddy
15m
42 Questions
379 Plays
379 Plays
379 Plays
Comments
Comments
Give Quiz Kudos
Give Quiz Kudos
-
- Ratings
hide this ad
Forced Order
Answers have to be entered in order
Answers have to be entered in order
Replay
Link that replays current quiz
Next Quiz
Link to next quiz in quiz playlist
You Got
0%
They Got
Avg Score
78%
Avg Friend Score
Upgrade to see
Score Distribution
Jump to the score distribution portion of the page
Score
0/42
Timer
15:00
0
Plays Today
Country Voting
Country Receiving 12 Points
% Correct
Andorra
Spain
92.6%
Belarus
Norway
91.3%
Azerbaijan
Turkey
90%
Denmark
Norway
90%
Estonia
Norway
89.4%
Albania
Greece
89.2%
Cyprus
Greece
88.4%
Germany
Norway
87.1%
Iceland
Norway
87.1%
Lithuania
Norway
85.5%
Latvia
Norway
85.2%
Armenia
Russia
85%
Belgium
Turkey
84.7%
Hungary
Norway
83.9%
Israel
Norway
83.9%
Bosnia Herzegovina
Croatia
81%
Bulgaria
Greece
81%
Netherlands
Norway
80.7%
Poland
Norway
80.5%
Sweden
Norway
80.5%
Croatia
Bosnia Herzegovina
80.2%
Country Voting
Country Receiving 12 Points
% Correct
Finland
Estonia
80.2%
France
Turkey
80.2%
Russia
Norway
78.4%
Norway
Iceland
78.1%
Spain
Norway
77.8%
Ukraine
Norway
76.8%
Moldova
Romania
74.9%
Ireland
Iceland
74.4%
Slovenia
Norway
74.4%
Turkey
Azerbaijan
73.9%
Romania
Moldova
71.8%
Greece
United Kingdom
71.5%
Montenegro
Bosnia Herzegovina
70.7%
United Kingdom
Turkey
70.4%
Serbia
Bosnia Herzegovina
68.9%
Czech Republic
Armenia
68.6%
Macedonia
Turkey
68.3%
Malta
Iceland
67%
Switzerland
Turkey
67%
Portugal
Moldova
55.7%
Slovakia
Estonia
54.1%
Quiz Playlist
Details
Report
Send in Message
Add To Playlist
Classic:
Type in answers that appear in a list
Forced Order:
Answers have to be entered in order
Last Updated: Feb 16, 2017
Quiz Scoreboard
CHALLENGE
Sign Up to Join the Scoreboard
Show All
Scores
Hide
Comments
May contain spoilers
Recently Published
Two Season TV Shows II
by 123Four
Television
10m
Image Sorting: Flags VI
by Barbecue
Geography
2m
Find the 'City' Movie
by crazypaving
Movies
60s
More to Explore
Quiz From the Vault
Featured Blog Post
14 Easter Pick-up Lines to Find Eggs With
hide this ad
You Might Also Like...
Tags
Country Quiz
2009
Eurovision
point
Receiving
Voting
Today's Top Quizzes in Miscellaneous
Browse Miscellaneous
hide this ad
Today's Top Quizzes in Country
Browse Country
Top Contributed Quizzes in Miscellaneous
1
The JOE quick-fire general knowledge quiz: Day 174
2
9x9 Crossword: Disney Movie Titles
3
5-to-1: Fast Food
4
The JOE quick-fire general knowledge quiz: Day 173
5
9x9 Crossword: Charlie and the Chocolate Factory
6
9x9 Crossword: The Simpsons
7
9x9 Crossword: Flags
8
9x9 Crossword: Actors
9
9x9 Crossword: 2022 Movies
10
9x9 Crossword: Pixar Movie Titles
Explore More
Trending Topics
NBA
Crossword
Disney
Kpop
Anime
Harry Potter
Marvel
WWE
Pokémon
Soccer
NFL
The Office
Puzzle
Country
Song
hide this ad
More By:
GlenPaddy
Quiz
Plays
Rating
Category
Featured
Created
Eurovision 2011 12 Points
532
3.75
Miscellaneous
May 22, 2011
Eurovision 2009 12 Points
379
5.00
Miscellaneous
May 22, 2011
Eurovision 2008 12 Points
253
5.00
Miscellaneous
May 23, 2011
Eurovision 2010 12 Points
238
5.00
Miscellaneous
May 22, 2011
Go to Creator's Profile
Score Distribution
Quiz Creator Spotlight
GlenPaddy
Follow
Send a Message
Quizzes Created
-
Created Quiz Play Count
-
More By This Creator
Popular Quizzes Today
1
Find the US States - No Outlines Minefield
2
Colored Red Africa Blitz
3
Find the 'City' Movie
4
5x2 Blitz: Bands
5
The Countries of the World
6
Find the Countries of Europe - No Outlines Minefield
7
Find the US States
8
US States
More Miscellaneous Quizzes
Dog in a Car!
Published
Trending Quizzes
Colored Red Europe Blitz I
Colored Red Africa Blitz II
Colored Red Europe Blitz II
Even More Two Season TV Shows
Colored Red Africa Blitz III
Recently Updated
March Madness Men's Triple Doubles
pecheneg
How Do You Spell That?
pecheneg
Godzilla Movies
pecheneg
Grab Bag: 4-10 Letters
pecheneg
2024 March Madness Bracket
pecheneg
Famous TV Couples
Peacemaker
Champions League XIs: Real Madrid
pecheneg
Largest US Cities 1790-2010
pecheneg
Rides in Walt Disney World
pecheneg
Most Oscar Losses (Acting)
pecheneg
Trending Topics
Kpop
Crossword
Marvel
Disney
NBA
Anime
Harry Potter
WWE
Soccer
NFL
Puzzle
Pokémon
Country
The Office
Song
Your Account Isn't Verified!
In order to create a playlist on Sporcle, you need to verify the email address you used during registration. Go to your
Sporcle Settings
to finish the process.
Report this User
Report this user for behavior that violates our
Community Guidelines
.
Details:
Send Report
Go to the Sporcle.com Mobile Site →
Comments